MARC

LEADER 00000nam0a2200000 4500
001 358727
005 20231102011125.0
035 |a (RuTPU)RU\TPU\retro\15998 
090 |a 358727 
100 |a 20200821d1978 km y0rusy50 ca 
101 0 |a rus 
102 |a RU 
105 |a a z 000zy 
200 1 |a АСУП на базе пакетов прикладных программ  |f под ред. В. Ю. Бунакова 
210 |a Москва  |c Статистика  |d 1978 
215 |a 144 с.  |c ил. 
606 1 |a Автоматизированные системы планирования и управления предприятием  |x Информационное обеспечение  |2 stltpush  |3 (RuTPU)RU\TPU\subj\665  |9 29499 
610 1 |a АСУП 
610 1 |a пакеты прикладных программ 
610 1 |a экономико-математические модели 
610 1 |a промышленные предприятия 
610 1 |a управление 
610 1 |a производственные мощности 
610 1 |a планирование 
610 1 |a управление запасами 
610 1 |a математическое описание 
675 |a 658.012.011.56:681.3.01  |v 4 
702 1 |a Бунаков  |b В. Ю.  |4 340 
801 1 |a RU  |b 63413507  |c 20200821 
801 2 |a RU  |b 63413507  |c 20210319  |g RCR 
942 |c BK